LEADER 00935nac# 22002411i 450 001 UON00433138 005 20231205104916.449 100 $a20131115f |0itac50 ba 102 $aUS 105 $a|||| ||||| 110 $ab|||||||||| 200 1 $aStudies in Language 210 $aNew York$aEvanston ; London$cHarper & Row 463 1$1001UON00218515$12001 $aSemantic theory$fJerrold J. Katz$1210 $aNew York$cHarper & Row$dc1972$1215 $a463 p.$d23 cm. 463 1$1001UON00433035$12001 $aˆThe ‰sound pattern of English$fNoam Chomsky, Morris Halle$1210 $aNew York$aEvanston ; London$cHarper & Row$dc1968$1215 $axiv, 470 p.$d27 cm. 620 $aUS$dNew York$3UONL000050 620 $aUS$dEvanston (Illinois)$3UONL001569 620 $aGB$dLondon$3UONL003044 712 $aHarper & Row$3UONV246605$4650 801 $aIT$bSOL$c20240220$gRICA 912 $aUON00433138 996 $aStudies in language$9786105 997 $aUNIOR